| 000 | 00818cab a2200253 4500 | ||
|---|---|---|---|
| 001 | ABS54846 | ||
| 008 | 090401t1996 xxu||||| |||| 00| 0 eng d | ||
| 035 | _a(Sirsi) u12512 | ||
| 041 | _aeng | ||
| 100 | _aGreen, S.D. | ||
| 245 | 2 | _aA metaphorical analysis of client organizations and the briefing process | |
| 260 | _c1996 | ||
| 350 | _a0 | ||
| 490 |
_aConstruction Management & Economics _v14(2) 1996, 155-164(10) |
||
| 520 | _aReviews the practice of classifying building clients by their `type` and proposes an alternative approach based on `naturalistic inquiry`. | ||
| 650 | _aBRIEFING PROCESS | ||
| 650 | _aCLIENTS | ||
| 650 | _aNATURALISTIC INQUIRY | ||
| 650 | _aORGANISATIONAL METAPHORS | ||
| 650 | _aORGANISATIONAL THEORY | ||
| 690 | _aBUILT ENVIRONMENT | ||
| 942 | _n0 | ||
| 948 | _c04/03/1997 | ||
| 999 |
_c7997 _d7997 |
||